Central Library OPAC University of Rajshahi

The Penguin dictionary of sociology / (Record no. 14263)

MARC details
000 -LEADER
fixed length control field 01323cam a2200361 a 4500
001 - CONTROL NUMBER
control field 14263
003 - CONTROL NUMBER IDENTIFIER
rucl marc code BD-RjUL
005 - DATE AND TIME OF LATEST TRANSACTION
control field 20211208235610.0
008 - FIXED-LENGTH DATA ELEMENTS--GENERAL INFORMATION
fixed length control field 140205s2010 enk bd 000 0 eng c
020 ## - INTERNATIONAL STANDARD BOOK NUMBER
International Standard Book Number 0141013753 (pbk.)
International Standard Book Number 9780141013756 (pbk.)
035 ## - SYSTEM CONTROL NUMBER
System control number (OCoLC)ocm62265122
-- (BD-RjUL)14315
040 ## - CATALOGING SOURCE
Original cataloging agency UKM
Transcribing agency UKM
Modifying agency BWKUK
-- BAKER
-- VP@
-- OCLCQ
-- YDXCP
-- DAY
-- BTCTA
-- DLC
-- BD-RjUL
Language of cataloging eng
041 ## - LANGUAGE CODE
Language code of text/sound track or separate title eng
082 00 - DEWEY DECIMAL CLASSIFICATION NUMBER
Classification number 301.03
Edition number 22
Author mark and year ABP 2010
100 1# - MAIN ENTRY--PERSONAL NAME
Personal name Abercrombie, Nicholas.
9 (RLIN) 44547
245 14 - TITLE STATEMENT
Title The Penguin dictionary of sociology /
Statement of responsibility, etc. Nicholas Abercrombie, Stephen Hill, Bryan S. Turner.
246 30 - VARYING FORM OF TITLE
Title proper/short title Dictionary of sociology
Title proper/short title Sociology
250 ## - EDITION STATEMENT
Edition statement 5th ed.
260 ## - PUBLICATION, DISTRIBUTION, ETC. (IMPRINT)
Place of publication, distribution, etc. London ;
-- New York :
Name of publisher, distributor, etc. Penguin,
Date of publication, distribution, etc. 2010.
300 ## - PHYSICAL DESCRIPTION
Pagination xi, 484 p. ;
Size 20 cm.
500 ## - GENERAL NOTE
General note Previous ed.: 2000.
504 ## - BIBLIOGRAPHY, ETC. NOTE
Bibliography, etc Includes bibliographical references (p. [439]-484).
650 #0 - SUBJECT ADDED ENTRY--TOPICAL TERM
Topical term or geographic name as entry element Sociology
Form subdivision Dictionaries.
9 (RLIN) 43793
700 1# - ADDED ENTRY--PERSONAL NAME
Personal name Hill, Stephen,
Dates associated with a name 1946-
Personal name Turner, Bryan S.
856 42 - ELECTRONIC LOCATION AND ACCESS
Materials specified Publisher description
Uniform Resource Identifier <a href="http://www.loc.gov/catdir/enhancements/fy0742/2007310514-d.html">http://www.loc.gov/catdir/enhancements/fy0742/2007310514-d.html</a>
Materials specified Contributor biographical information
Uniform Resource Identifier <a href="http://www.loc.gov/catdir/enhancements/fy0742/2007310514-b.html">http://www.loc.gov/catdir/enhancements/fy0742/2007310514-b.html</a>
942 ## - ADDED ENTRY ELEMENTS (KOHA)
Source of classification or shelving scheme Dewey Decimal Classification
Koha item type Reference
Holdings
Lost status Source of classification or shelving scheme Damaged status Not for loan Permanent Location Current Location Shelving location Date acquired Source of acquisition Cost, normal purchase price Total Checkouts Full call number Date last seen Copy number Koha item type
  Dewey Decimal Classification   Not For Loan Central Library, University of Rajshahi Central Library, University of Rajshahi   27/06/2013 Dhaka Associated Business Cor. 675.00   R 301.03 ABP 2010 05/02/2014 C-1 Reference